00370nam a2200145Ia 4500003000500000008004100005020001800046040001900064082000700083100002200090245004700112260004500159300000800204546001200212STCL181203s9999 xx 000 0 und d a9788184873771 aSTCLbENcSTCL 222 aChowdhury, Sujaul 0aNanostructure Physics and Microelectronics bNarosa Publishing HouseaNew Delhic2015 a280 aEnglish